| 000 | 00659cam a2200205 4500 | ||
|---|---|---|---|
| 001 | J100531 | ||
| 008 | 000000n1998 000 0 eng u | ||
| 035 | _a(Sirsi) u100203 | ||
| 041 | _aENG | ||
| 050 |
_a692.8 _c18 |
||
| 110 |
_aJoint Contracts Tribunal _93664 |
||
| 245 | _aStandard form of management contract 1998 edition. | ||
| 260 |
_aLondon _bRIBA Publications _c1998 |
||
| 300 | _a86p. ; 30cm. | ||
| 490 | _aJCT Standard Form of Management Contract 1998 Edition | ||
| 520 | _aReplaced by JCT Management Building Contract (2008 Edition) (L142699). | ||
| 650 | _aJCT STANDARD FORM OF BUILDING CONTRACT | ||
| 690 |
_aCONTRACTS _96232 |
||
| 942 | _n0 | ||
| 999 |
_c99645 _d99645 |
||